[Event "Championnat de France des Jeunes - Pupil"]
[Site "Aix les Bains"]
[Date "2009.04.25"]
[Round "8.10"]
[White "Dupouy, Francois"]
[Black "Madeline, Nicolas"]
[Result "1-0"]
[WhiteElo "1820"]
[BlackElo "1645"]
[PlyCount "141"]
[EventDate "2009.??.??"]

1. e4 e5 2. Nf3 Nc6 3. Bb5 a6 4. Ba4 Nf6 5. O-O b5 6. Bb3 Bc5 7. c3 O-O 8. d4
Bb6 9. Bg5 Re8 10. Re1 Qe7 11. Nbd2 Qd6 12. d5 Ne7 13. Nf1 Ng6 14. h3 h6 15.
Bh4 Bb7 16. Qd2 Rac8 17. Ng3 Nxh4 18. Nxh4 c5 19. Nhf5 Qf8 20. Kh1 c4 21. Bc2
Bc7 22. d6 Bd8 23. f4 g6 24. fxe5 Rxe5 25. Qf4 Re6 26. Nxh6+ Kh7 27. Ng4 Nxg4
28. Qxg4 Rxd6 29. Rad1 Rxd1 30. Rxd1 Bc6 31. Ne2 Bf6 32. Nd4 Bxd4 33. cxd4 Re8
34. d5 Ba8 35. Qxd7 Rd8 36. Qa7 Rd6 37. Qc5 Rd8 38. Qxf8 Rxf8 39. Kg1 Re8 40.
Kf2 Kg7 41. Kf3 Kf6 42. Kf4 g5+ 43. Kg4 Rh8 44. Rf1+ Ke7 45. Kf5 f6 46. Rd1 Rd8
47. g3 Rh8 48. Kg4 Kd6 49. h4 gxh4 50. gxh4 Ke5 51. Rf1 Rg8+ 52. Kh3 Bb7 53.
Rf5+ Kd4 54. Rxf6 Bc8+ 55. Kh2 Rg4 56. Rh6 Ke3 57. e5 Kf2 58. Rf6+ Ke3 59. e6
Rxh4+ 60. Kg3 Re4 61. e7 Rg4+ 62. Kh2 Rh4+ 63. Kg2 Rg4+ 64. Kf1 Rg8 65. Bf5
Bxf5 66. Rxf5 Re8 67. d6 c3 68. bxc3 b4 69. Rf8 bxc3 70. Rxe8 c2 71. Rc8 1-0

[Event "Championnat de France des Jeunes - Pupil"]
[Site "Aix les Bains"]
[Date "2009.04.25"]
[Round "8.11"]
[White "Cogan, Nicolas"]
[Black "Vekemans, Sylvain"]
[Result "1-0"]
[WhiteElo "1682"]
[BlackElo "1750"]
[PlyCount "59"]
[EventDate "2009.??.??"]

1. d4 d5 2. c4 e6 3. Nc3 Nf6 4. Bg5 Bb4 5. e3 O-O 6. Nf3 Bxc3+ 7. bxc3 c6 8.
Qc2 Nbd7 9. Bd3 h6 10. Bh4 Qa5 11. O-O a6 12. a4 Qc7 13. Bg3 Qd8 14. h3 Nh5 15.
Bh2 f5 16. Ne5 Nxe5 17. Bxe5 Nf6 18. cxd5 cxd5 19. Rab1 Nd7 20. Bh2 Kh8 21. c4
dxc4 22. Bxc4 Qe8 23. Rb2 Rg8 24. Rfb1 g5 25. d5 Nc5 26. Be5+ Kh7 27. dxe6 Nxe6
28. Qxf5+ Rg6 29. Bxe6 Qxe6 30. Rxb7+ 1-0

[Event "Championnat de France des Jeunes - Pupil"]
[Site "Aix les Bains"]
[Date "2009.04.25"]
[Round "8.12"]
[White "Delpierre, Elie"]
[Black "May, Alexandre"]
[Result "0-1"]
[WhiteElo "1660"]
[BlackElo "1732"]
[PlyCount "58"]
[EventDate "2009.??.??"]

1. d4 Nf6 2. c4 e6 3. Nf3 Bb4+ 4. Bd2 Qe7 5. a3 Bxd2+ 6. Nbxd2 O-O 7. e3 d6 8.
Bd3 Nc6 9. O-O e5 10. Ne4 Nxe4 11. Bxe4 Bd7 12. d5 Nd8 13. Rc1 Bg4 14. h3 Bd7
15. b4 f5 16. Bb1 g5 17. Nh2 Qg7 18. e4 f4 19. c5 Kh8 20. Bd3 Rg8 21. f3 h5 22.
Be2 g4 23. fxg4 Nf7 24. Kh1 Raf8 25. Rc3 Ng5 26. h4 Nxe4 27. Rcf3 hxg4 28. Rd3
Bb5 29. Rb3 Ba4 0-1

[Event "Championnat de France des Jeunes - Pupil"]
[Site "Aix les Bains"]
[Date "2009.04.25"]
[Round "8.13"]
[White "Charvein, Gabriel"]
[Black "Beau, Pierre"]
[Result "1-0"]
[WhiteElo "1600"]
[BlackElo "1723"]
[PlyCount "109"]
[EventDate "2009.??.??"]

1. d4 Nf6 2. Bf4 g6 3. e3 Bg7 4. c4 O-O 5. Nc3 d6 6. h3 Nbd7 7. Nf3 c5 8. d5 a6
9. Be2 Ne8 10. Qd2 Nc7 11. O-O Ne5 12. Nxe5 dxe5 13. Bh2 f5 14. Rad1 Ne8 15.
Na4 Qc7 16. b3 Bd7 17. Nb2 Nd6 18. Nd3 Nf7 19. Qb2 Rab8 20. Rc1 Qd6 21. Rc2
Rfc8 22. Rfc1 g5 23. Qc3 f4 24. e4 Qg6 25. f3 h5 26. Nf2 Nh6 27. Qd3 g4 28.
hxg4 hxg4 29. fxg4 Nxg4 30. Nxg4 Bxg4 31. Bxg4 Qxg4 32. Qf3 Qg6 33. Rd1 Rf8 34.
a3 Rf6 35. Kf2 Qg5 36. Rh1 Kf7 37. Bg1 Rh8 38. Rxh8 Bxh8 39. Ke2 b6 40. b4 cxb4
41. axb4 Rg6 42. Kd3 Qh4 43. Bf2 Qh1 44. Qh3 Qd1+ 45. Kc3 Bg7 46. c5 bxc5 47.
bxc5 Qa1+ 48. Kd3 Qa3+ 49. Rc3 Qb2 50. c6 Qxf2 51. c7 Qd4+ 52. Kc2 Qxe4+ 53.
Kb2 Qb4+ 54. Kc1 Rxg2 55. Qe6+ 1-0

[Event "Championnat de France des Jeunes - Pupil"]
[Site "Aix les Bains"]
[Date "2009.04.25"]
[Round "8.14"]
[White "Bole, Oscar"]
[Black "Laverdet, Tristan"]
[Result "1-0"]
[WhiteElo "1640"]
[BlackElo "1720"]
[Annotator "Rivier,Sylvain"]
[PlyCount "65"]
[EventDate "2009.??.??"]

1. d4 f5 2. h3 Nf6 3. g4 d6 4. Qd3 fxg4 5. hxg4 Bxg4 6. Bg5 Qd7 7. Bxf6 exf6 8.
Rxh7 Bf5 9. Qe3+ Kf7 10. Rxh8 Nc6 11. Bh3 Nb4 12. Qb3+ d5 13. Bxf5 Qxf5 14.
Rxf8+ Rxf8 15. Qxb4 Qg5 16. Kf1 Rh8 17. Nd2 Rh2 18. Ndf3 Qg2+ 19. Ke1 Qxf2+ 20.
Kd1 Rg2 21. Qe1 Qe3 22. a4 Qh6 23. Qf1 Qh1 24. Kd2 Qh6+ 25. Kd3 Qg6+ 26. Kc3
Ke6 27. Kd2 a5 28. Kd1 Qg3 29. Ra3 Kd6 30. Nd2 Qg4 31. Ngf3 g5 32. Rd3 c6 33.
Nh2 {suite illisible} 1-0

[Event "Championnat de France des Jeunes - Pupil"]
[Site "Aix les Bains"]
[Date "2009.04.25"]
[Round "8.15"]
[White "Venard, Paul-Andre"]
[Black "Lam-Roques, Kalvin"]
[Result "1/2-1/2"]
[WhiteElo "1631"]
[BlackElo "1717"]
[PlyCount "106"]
[EventDate "2009.??.??"]

1. e4 c5 2. Nf3 d6 3. d4 cxd4 4. Qxd4 Bd7 5. c4 Nc6 6. Qd2 Nf6 7. Nc3 g6 8. b3
Bg7 9. Bb2 O-O 10. h3 a5 11. Bd3 Nb4 12. Bb1 Qb8 13. a3 Na6 14. O-O Nc5 15. Bc2
b5 16. b4 axb4 17. axb4 Rxa1 18. Rxa1 bxc4 19. bxc5 Qxb2 20. Rb1 Qa3 21. cxd6
exd6 22. e5 dxe5 23. Nxe5 Be6 24. Nb5 Qc5 25. Qd4 Nd7 26. Nxd7 Qxd4 27. Nxd4
Bxd7 28. Nf3 Re8 29. Rb4 c3 30. Rb7 Bc6 31. Rc7 Bxf3 32. gxf3 Re1+ 33. Kg2 h6
34. Bb3 Kh7 35. Bxf7 Ra1 36. Rc6 Rc1 37. Bxg6+ Kg8 38. Rc8+ Bf8 39. f4 Kg7 40.
f5 c2 41. Rc7+ Kf6 42. f4 Be7 43. Rc6+ Kg7 44. f6+ Kxg6 45. fxe7+ Kf7 46. Rc7
Ke8 47. f5 Re1 48. Rxc2 Kxe7 49. Rf2 Kf6 50. Kg3 Re5 51. Kg4 h5+ 52. Kxh5 Rxf5+
53. Rxf5+ Kxf5 1/2-1/2

[Event "Championnat de France des Jeunes - Pupil"]
[Site "Aix-les-Bains"]
[Date "2009.04.25"]
[Round "8.1"]
[White "Bellaiche, Elise"]
[Black "Legrand, Claire"]
[Result "1-0"]
[WhiteElo "1826"]
[BlackElo "1607"]
[PlyCount "105"]
[EventDate "2009.??.??"]

1. e4 d6 2. d4 Nf6 3. Nc3 Nbd7 4. Nf3 e5 5. Bc4 Be7 6. O-O O-O 7. Re1 c6 8. a4
Qc7 9. Ba2 a6 10. a5 Rb8 11. h3 b5 12. axb6 Nxb6 13. dxe5 dxe5 14. Nh4 Bb4 15.
Qf3 Be7 16. Nf5 Bxf5 17. exf5 Rfe8 18. Qe2 Bd6 19. Bg5 Nbd7 20. Bb3 Qc8 21.
Qxa6 Nc5 22. Qxc8 Rexc8 23. Bxf6 gxf6 24. Rad1 Bc7 25. Ne4 Nxb3 26. cxb3 Rxb3
27. Re2 Kg7 28. Rc2 Rd8 29. Rxd8 Bxd8 30. Kf1 Rb4 31. f3 Rb6 32. Ke2 Rb3 33.
Kd1 Be7 34. Kc1 Rb6 35. Rd2 Kf8 36. Nd6 Bxd6 37. Rxd6 Ke7 38. Rd2 Rb8 39. Kc2
Rd8 40. Rxd8 Kxd8 41. Kc3 Kd7 42. Kc4 Kd6 43. b4 h6 44. h4 Kc7 45. Kc5 Kd7 46.
f4 exf4 47. Kd4 Kd6 48. Ke4 h5 49. Kxf4 Kd5 50. g4 Kc4 51. gxh5 Kxb4 52. h6 c5
53. Ke4 1-0

[Event "Championnat de France des Jeunes - Pupil"]
[Site "Aix-les-Bains"]
[Date "2009.04.25"]
[Round "8.2"]
[White "Imperor, Lorene"]
[Black "Baldi, Valentine"]
[Result "1-0"]
[WhiteElo "1667"]
[BlackElo "1642"]
[PlyCount "102"]
[EventDate "2009.??.??"]

1. f4 c6 2. Nf3 d5 3. e3 Bg4 4. Be2 Nd7 5. b3 Bxf3 6. Bxf3 e5 7. fxe5 Nxe5 8.
Bb2 Bd6 9. O-O Nf6 10. d3 O-O 11. Nd2 Re8 12. Kh1 Qc7 13. h3 Re6 14. e4 Nxf3
15. Qxf3 dxe4 16. Nxe4 Nxe4 17. dxe4 Rae8 18. Rae1 R8e7 19. Qg4 Be5 20. Bxe5
Qxe5 21. Rf5 Qc3 22. Re2 Qa1+ 23. Kh2 Qxa2 24. e5 Qb2 25. Qg3 b5 26. Qd3 h6 27.
Qg3 a5 28. Qe1 a4 29. bxa4 bxa4 30. Qa5 a3 31. Rf3 Rxe5 32. Rxe5 Qxe5+ 33. Qxe5
Rxe5 34. Rxa3 Kf8 35. Rc3 Re6 36. Kg3 Ke7 37. Kf4 Kf6 38. Rc5 g5+ 39. Kg4 Kg6
40. Kf3 f5 41. g3 Rf6 42. Rc4 h5 43. h4 g4+ 44. Ke3 Rd6 45. Rc5 Kf6 46. c3 Re6+
47. Kf2 Rd6 48. Ke3 Re6+ 49. Kf2 Ke7 50. Rxf5 Rh6 51. Ke3 Ke6 1-0

[Event "Championnat de France des Jeunes - Pupil"]
[Site "Aix-les-Bains"]
[Date "2009.04.25"]
[Round "8.3"]
[White "Lin, Yun"]
[Black "Dieuleveut, Floriane"]
[Result "0-1"]
[WhiteElo "1570"]
[BlackElo "1651"]
[PlyCount "164"]
[EventDate "2009.??.??"]

1. e4 c5 2. Nf3 Nc6 3. d4 cxd4 4. Nxd4 g6 5. Nc3 Bg7 6. Be3 Nf6 7. Be2 O-O 8.
Nb3 d6 9. O-O Bd7 10. f4 Rc8 11. Kh1 a6 12. Bf3 b5 13. a3 Qc7 14. Rc1 Na7 15.
Qe2 a5 16. Qf2 b4 17. axb4 axb4 18. Nd5 Nxd5 19. exd5 Nb5 20. c4 bxc3 21. bxc3
Nxc3 22. Bd4 Qb7 23. Bxg7 Kxg7 24. Nd2 Kg8 25. Qd4 Nb5 26. Qe3 Rfe8 27. Qd3 Bf5
28. Qb3 Rb8 29. Rfe1 Nd4 30. Qxb7 Rxb7 31. Rc4 Nxf3 32. Nxf3 Bg4 33. Rc3 Kf8
34. h3 Bxf3 35. Rxf3 Rb5 36. Rd3 Rc8 37. Kg1 Rc4 38. g3 Rc2 39. h4 Rcb2 40. Kf1
Rb1 41. Rdd1 Rxd1 42. Rxd1 Rb2 43. Kg1 Kg7 44. Re1 Kf8 45. Rd1 Ke8 46. Kf1 Kd7
47. Ke1 Kc7 48. Rd2 Rxd2 49. Kxd2 Kb6 50. Kd3 Kc5 51. Ke4 f5+ 52. Ke3 Kxd5 53.
Kd3 h5 54. Ke3 Kc4 55. Kd2 Kd4 56. Ke2 Ke4 57. Kf2 d5 58. Ke2 d4 59. Kf2 d3 60.
Ke1 Kf3 61. Kd2 Kxg3 62. Kxd3 Kxh4 63. Ke3 Kg3 64. Ke2 Kg2 65. Ke3 h4 66. Kd4
h3 67. Ke5 h2 68. Ke6 h1=Q 69. Kxe7 Qh7+ 70. Ke6 Qh4 71. Ke5 Kf3 72. Kd5 Qxf4
73. Kc5 g5 74. Kd5 g4 75. Kc5 g3 76. Kd5 g2 77. Kc5 g1=Q+ 78. Kd5 Qd1+ 79. Kc5
Qc7+ 80. Kb5 Qb3+ 81. Ka6 Qcb7+ 82. Ka5 Q3b4# 0-1

[Event "Championnat de France des Jeunes - Pupil"]
[Site "Aix-les-Bains"]
[Date "2009.04.25"]
[Round "8.4"]
[White "Banat, Rizlene"]
[Black "Desarnaud, Manon"]
[Result "1/2-1/2"]
[WhiteElo "1542"]
[BlackElo "1600"]
[PlyCount "82"]
[EventDate "2009.??.??"]

1. Nf3 d5 2. g3 Nf6 3. Bg2 Bf5 4. O-O Nc6 5. d3 e6 6. b3 Bd6 7. Bb2 O-O 8. Nbd2
e5 9. Qe1 Nb4 10. Qc1 Re8 11. a3 Nc6 12. e4 Be6 13. Ng5 Bc5 14. Nxe6 Rxe6 15.
b4 Bb6 16. exd5 Nxd5 17. Nc4 Nd4 18. Bxd4 Bxd4 19. Bxd5 Qxd5 20. c3 Bb6 21.
Nxb6 Rxb6 22. Qe3 Re6 23. Rfd1 b6 24. Qe4 Rd8 25. c4 Qxe4 26. dxe4 Rxd1+ 27.
Rxd1 Rd6 28. Rxd6 cxd6 29. Kf1 f6 30. Ke2 Kf7 31. Kd3 Ke7 32. f4 g6 33. a4 Ke6
34. Ke3 f5 35. h3 h5 36. Kf3 Kf6 37. exf5 gxf5 38. Ke3 Ke6 39. h4 d5 40. cxd5+
Kxd5 41. fxe5 Kxe5 1/2-1/2

[Event "Championnat de France des Jeunes - Pupil"]
[Site "Aix-les-Bains"]
[Date "2009.04.25"]
[Round "8.5"]
[White "Le Berre, Audrey"]
[Black "Auvray, Honorine"]
[Result "0-1"]
[WhiteElo "1470"]
[BlackElo "1708"]
[PlyCount "84"]
[EventDate "2009.??.??"]

1. Nf3 Nf6 2. g3 e6 3. Bg2 d5 4. d3 Be7 5. O-O O-O 6. Nc3 c5 7. e4 b6 8. b3 Bb7
9. Bg5 dxe4 10. Bxf6 Bxf6 11. Nxe4 Bxa1 12. Qxa1 Bxe4 13. dxe4 Nd7 14. Rd1 Qc7
15. c4 Rad8 16. e5 Nxe5 17. Rxd8 Nxf3+ 18. Bxf3 Rxd8 19. Qc3 Rd6 20. Kg2 Qd8
21. Qe3 Rd2 22. a3 Rd3 23. Qe4 Rxb3 24. a4 Rd3 25. Qb7 Rd7 26. Qe4 Qe8 27. Qc2
Rd8 28. Be4 h6 29. Bb7 Qd7 30. Ba6 Qd2 31. Qb3 Rd3 32. Qb5 Kf8 33. Qc6 Rd8 34.
Bb5 Qd6 35. Qe4 Kg8 36. h3 Qd1 37. Qc6 Rd3 38. Qe8+ Kh7 39. Qxf7 Qe1 40. Bd7
Qe4+ 41. Kh2 Rd1 42. f3 Qe2# 0-1

[Event "Championnat de France des Jeunes - Pupil"]
[Site "Aix-les-Bains"]
[Date "2009.04.25"]
[Round "8.6"]
[White "Dusserre, Salome"]
[Black "Canterel, Cecile"]
[Result "0-1"]
[WhiteElo "1280"]
[BlackElo "1560"]
[PlyCount "186"]
[EventDate "2009.??.??"]

1. e4 c5 2. Nc3 e6 3. f4 Nc6 4. Nf3 a6 5. a4 Qc7 6. Bc4 Qxf4 7. d3 Qc7 8. O-O
Nf6 9. Qe1 Be7 10. Qh4 O-O 11. Ng5 h6 12. Nh3 Qe5 13. Bf4 Qd4+ 14. Kh1 Nxe4 15.
Qg4 Nf6 16. Qg3 Nh5 17. Qg4 Nxf4 18. Rxf4 Qd6 19. Raf1 Ne5 20. Qg3 Ng6 21. Ne4
Qc7 22. Rg4 Qxg3 23. Nxg3 d5 24. Bb3 e5 25. Nf5 Bxf5 26. Rxf5 Rad8 27. c3 b5
28. axb5 axb5 29. Kg1 Bf6 30. Nf2 Rd7 31. c4 bxc4 32. dxc4 d4 33. Bc2 Bg5 34.
Rf3 Nh4 35. Rh3 f5 36. Rgxh4 Bxh4 37. Rxh4 e4 38. Nxe4 fxe4 39. Rxe4 Rdf7 40.
Bd3 Rf2 41. Be2 R2f6 42. Re5 Rb8 43. Rxc5 Rxb2 44. Bd3 Rd2 45. Rc8+ Rf8 46.
Bh7+ Kf7 47. Bg6+ Ke7 48. Rxf8 Kxf8 49. Kf1 Ke7 50. c5 Kd7 51. Ke1 Rxg2 52.
Bf5+ Kc7 53. h3 Rg5 54. Bg4 Rxc5 55. Kd2 Rd5 56. Kd3 Kb6 57. Bf3 Rd6 58. Be2
Kc5 59. Bg4 g5 60. Bh5 Rf6 61. Bg4 Rf4 62. Bh5 Rh4 63. Bg4 Rxg4 64. hxg4 Kd5
65. Ke2 Ke4 66. Kd2 d3 67. Kd1 Kf4 68. Kd2 Kxg4 69. Kxd3 Kf4 70. Ke2 g4 71. Kf2
h5 72. Kg2 h4 73. Kf2 h3 74. Kg1 Kf3 75. Kh1 Kf2 76. Kh2 g3+ 77. Kxh3 g2 78.
Kg4 g1=Q+ 79. Kf4 Qg3+ 80. Ke4 Qe3+ 81. Kd5 Qf4 82. Ke6 Qg5 83. Kd6 Ke3 84. Ke6
Ke4 85. Kd6 Qd5+ 86. Ke7 Qc6 87. Kf7 Kf5 88. Ke7 Qe6+ 89. Kd8 Qf7 90. Kc8 Ke6
91. Kb8 Kd6 92. Kc8 Kc6 93. Kb8 Qb7# 0-1

[Event "Championnat de France des Jeunes - Pupil"]
[Site "Aix-les-Bains"]
[Date "2009.04.25"]
[Round "8.7"]
[White "Nourani, Maral"]
[Black "Dol, Cecile"]
[Result "0-1"]
[WhiteElo "1550"]
[BlackElo "1510"]
[PlyCount "46"]
[EventDate "2009.??.??"]

1. e4 e6 2. d4 d5 3. Nc3 dxe4 4. Nxe4 Nd7 5. Be3 Ndf6 6. Bd3 Nxe4 7. Bxe4 Nf6
8. Bf3 Nd5 9. c4 Nxe3 10. fxe3 Bb4+ 11. Kf1 O-O 12. Ne2 Qg5 13. Qd3 Bd6 14. c5
Be7 15. h4 Qf6 16. Nf4 Rd8 17. Rc1 e5 18. Nd5 Rxd5 19. Ke2 Rd8 20. d5 Bf5 21.
e4 Bd7 22. b4 a6 23. Rcg1 Bb5 0-1

[Event "Championnat de France des Jeunes - Pupil"]
[Site "Aix-les-Bains"]
[Date "2009.04.25"]
[Round "8.8"]
[White "Vaudo, Stella-Maria"]
[Black "Malassagne, Isabelle"]
[Result "0-1"]
[WhiteElo "1320"]
[BlackElo "1500"]
[PlyCount "96"]
[EventDate "2009.??.??"]

1. e4 c5 2. Nf3 Nc6 3. Bb5 g6 4. d3 Bg7 5. Nc3 d6 6. d4 cxd4 7. Nxd4 Bd7 8.
Bxc6 Bxc6 9. Nxc6 bxc6 10. Bd2 Nf6 11. Rb1 O-O 12. O-O Rb8 13. Re1 Qd7 14. f4
e5 15. fxe5 dxe5 16. Be3 Qxd1 17. Rexd1 Rb7 18. Bc5 Rc8 19. Bd6 Ng4 20. h3 Ne3
21. Rd3 Nxc2 22. a3 Rd8 23. Rdd1 Ne3 24. Rd3 Nc4 25. Rbd1 Nxb2 26. R3d2 Nxd1
27. Rxd1 Rbd7 28. Be7 Rxd1+ 29. Nxd1 Rxd1+ 30. Kf2 Bf8 31. Bf6 Bd6 32. Ke2 Ra1
33. g4 Rxa3 34. h4 Rb3 35. Kd2 a5 36. Kc2 Rb8 37. Bxe5 Bxe5 38. g5 a4 39. h5 a3
40. h6 a2 41. Kd3 a1=Q 42. Kc4 Qc1+ 43. Kd3 Rd8+ 44. Ke2 Qd2+ 45. Kf3 Qd1+ 46.
Ke3 Rd3+ 47. Kf2 Qc2+ 48. Ke1 Rd1# 0-1

[Event "Championnat de France des Jeunes - Pupil"]
[Site "Aix-les-Bains"]
[Date "2009.04.25"]
[Round "8.9"]
[White "Broly, Marine"]
[Black "Duval, Claire"]
[Result "1-0"]
[WhiteElo "1470"]
[BlackElo "1370"]
[PlyCount "93"]
[EventDate "2009.??.??"]

1. e4 c6 2. d4 d5 3. Nc3 dxe4 4. Nxe4 Bf5 5. Ng3 Bg6 6. Nf3 Nf6 7. Bd3 Bxd3 8.
Qxd3 e6 9. O-O Be7 10. b3 O-O 11. Bb2 Nbd7 12. Rfe1 b5 13. Ne4 Rb8 14. Rac1 Qc7
15. c4 bxc4 16. Qxc4 Rfc8 17. Nc5 Nxc5 18. dxc5 Nd5 19. Be5 Rb4 20. Bxc7 Rxc4
21. Rxc4 Rxc7 22. Ne5 Bg5 23. a3 Bh6 24. g3 g6 25. f4 Bg7 26. Kf2 h5 27. h3 Bh6
28. Ra4 g5 29. Kf3 Kg7 30. fxg5 Bxg5 31. Ra6 Be7 32. b4 Nc3 33. Rxc6 Rb7 34.
Ra6 Nb5 35. Nc6 Bf6 36. Rd1 Rc7 37. Rd3 Bb2 38. a4 Na3 39. b5 Nc4 40. Ke2 Ne5
41. Nxe5 Bxe5 42. c6 Bf6 43. Rd7 Be5 44. Rxc7 Bxc7 45. Rxa7 Bxg3 46. c7 Bxc7
47. Rxc7 1-0

[Event "Championnat de France des Jeunes - Pupil"]
[Site "Aix-les-Bains"]
[Date "2009.04.25"]
[Round "8.10"]
[White "Quelennec, Amelie"]
[Black "Thomas, Apolline"]
[Result "1-0"]
[WhiteElo "1410"]
[BlackElo "1440"]
[PlyCount "103"]
[EventDate "2009.??.??"]

1. b3 e5 2. Bb2 Nc6 3. e3 Bc5 4. Bb5 d6 5. f4 Nge7 6. fxe5 dxe5 7. Bxe5 O-O 8.
Bb2 Qd5 9. Nf3 Bg4 10. O-O Nf5 11. c4 Qe6 12. Ng5 Bxd1 13. Nxe6 fxe6 14. Rxd1
Rad8 15. Nc3 Nfe7 16. Ne4 Bd6 17. Ng5 Rf5 18. Nxe6 Rc8 19. Nxg7 Rf7 20. Ne6 Nd8
21. Bd7 Rb8 22. c5 Bxh2+ 23. Kxh2 c6 24. Nxd8 Rxd8 25. Be6 Kf8 26. Bxf7 Kxf7
27. Rf1+ Kg8 28. Bc3 Nd5 29. Rf3 Nxc3 30. Rg3+ Kf7 31. Rf1+ Ke6 32. dxc3 Rd3
33. e4 Rxg3 34. Kxg3 Ke5 35. Rf4 Ke6 36. Rf5 a6 37. c4 Kd7 38. e5 Ke6 39. Kg4
h6 40. Rf6+ Ke7 41. Rd6 Ke8 42. Kf5 Ke7 43. e6 Ke8 44. Rd7 h5 45. Ke5 h4 46.
Kd6 a5 47. Rh7 Kf8 48. Ke5 Ke8 49. Kf6 Kd8 50. e7+ Ke8 51. Ke6 b6 52. Rh8# 1-0

[Event "Championnat de France des Jeunes - Pupil"]
[Site "Aix-les-Bains"]
[Date "2009.04.25"]
[Round "8.11"]
[White "Minaud, Emily"]
[Black "Parlas, Helin"]
[Result "0-1"]
[WhiteElo "1430"]
[BlackElo "1340"]
[PlyCount "74"]
[EventDate "2009.??.??"]

1. e4 e6 2. d4 d5 3. e5 c5 4. Nf3 Qb6 5. c3 Nc6 6. b3 Bd7 7. Be3 Be7 8. dxc5
Bxc5 9. Bxc5 Qxc5 10. b4 Qb6 11. Be2 a6 12. O-O f6 13. exf6 Nxf6 14. h3 O-O 15.
Nbd2 Rad8 16. Qc2 Rfe8 17. Bd3 e5 18. Nh2 e4 19. Be2 e3 20. fxe3 Rxe3 21. Bd3
Rxd3+ 22. Kh1 Re3 23. Ndf3 Ne4 24. Ng4 Ng3+ 25. Kh2 Nxf1+ 26. Rxf1 Bxg4 27.
hxg4 Ne5 28. Kg3 Rf8 29. Qd1 Qd6 30. Kh3 Rxc3 31. Qd2 Ra3 32. Kh4 Ng6+ 33. Kh3
Rd3 34. Qe1 Qd8 35. Kh2 Qe7 36. Qf2 Ne5 37. Qe2 Nxg4+ 0-1

[Event "Championnat de France des Jeunes - Pupil"]
[Site "Aix-les-Bains"]
[Date "2009.04.25"]
[Round "8.12"]
[White "Sauve, Anne-Charlotte"]
[Black "Abidi, Hasma"]
[Result "0-1"]
[WhiteElo "1410"]
[BlackElo "1660"]
[PlyCount "86"]
[EventDate "2009.??.??"]

1. e4 e6 2. d4 d5 3. e5 c5 4. dxc5 Bxc5 5. Qg4 Bf8 6. Nf3 f6 7. Bd3 f5 8. Qg3
g6 9. O-O Bg7 10. Bg5 Qb6 11. b3 Nc6 12. Be3 Qc7 13. Re1 Nxe5 14. Bf4 Nxf3+ 15.
Qxf3 Qc6 16. c3 Nf6 17. Qg3 Nh5 18. Qg5 Nxf4 19. Qxf4 Bxc3 20. Rc1 Be5 21. Rxc6
Bxf4 22. Rc2 O-O 23. Nc3 Be5 24. Rd1 Bd7 25. Re1 Bf6 26. Re3 d4 27. Ne4 fxe4
28. Rxe4 e5 29. Bc4+ Kg7 30. Bd5 Rac8 31. Rxc8 Rxc8 32. Bc4 b5 33. Bf1 Bf5 34.
Re1 d3 35. Bxd3 Bxd3 36. a3 Rc3 37. b4 Rxa3 38. Rc1 Kh6 39. Rd1 e4 40. f3 Bd4+
41. Kh1 exf3 42. Rxd3 Ra1+ 43. Rd1 Rxd1# 0-1

[Event "Championnat de France des Jeunes - Pupil"]
[Site "Aix-les-Bains"]
[Date "2009.04.25"]
[Round "8.13"]
[White "Chansavang, Oriane"]
[Black "Del Valle, Julie"]
[Result "0-1"]
[WhiteElo "1290"]
[BlackElo "1530"]
[PlyCount "62"]
[EventDate "2009.??.??"]

1. d4 d5 2. c4 e6 3. Nc3 Nf6 4. Nf3 Nbd7 5. Bg5 Be7 6. e3 O-O 7. Bd3 dxc4 8.
Bxc4 b6 9. Ne5 Bb7 10. O-O c5 11. Re1 Ne4 12. Bxe7 Qxe7 13. Qf3 Nxe5 14. dxe5
Nxc3 15. e4 Nxe4 16. Rxe4 Bxe4 17. Qxe4 Rad8 18. Bd3 g6 19. Rd1 b5 20. b3 Rd4
21. Qc6 c4 22. Bc2 Rxd1+ 23. Bxd1 Rd8 24. Bc2 Qg5 25. g3 Qc1+ 26. Kg2 Qxc2 27.
Qxb5 Qe4+ 28. Kh3 Rd2 29. Qxc4 Qxe5 30. Qf4 Qxf4 31. gxf4 Rxf2 0-1

[Event "Championnat de France des Jeunes - Pupil"]
[Site "Aix-les-Bains"]
[Date "2009.04.25"]
[Round "8.14"]
[White "Raihauti, Mataheitini"]
[Black "Quossi, Anais"]
[Result "1-0"]
[WhiteElo "1520"]
[BlackElo "1350"]
[PlyCount "99"]
[EventDate "2009.??.??"]

1. e4 c6 2. d4 d5 3. e5 Bf5 4. Nf3 e6 5. c4 c5 6. Be3 Qb6 7. Qb3 Qxb3 8. axb3
Nd7 9. Nc3 cxd4 10. Bxd4 Bb4 11. Be2 Ne7 12. O-O O-O 13. Bxa7 b6 14. Ra4 Nc6
15. Rfa1 Ba5 16. Nb5 Bc2 17. Nfd4 Nxd4 18. Nxd4 Bg6 19. Nb5 f6 20. cxd5 exd5
21. Bf3 fxe5 22. Bxd5+ Bf7 23. Bxa8 Rxa8 24. b4 Bb3 25. R4a3 Bc4 26. bxa5 Bxb5
27. axb6 Bc6 28. Rc1 Bb7 29. Rc7 Rd8 30. Rxb7 Nc5 31. Rb8 Rxb8 32. Bxb8 Kf7 33.
Bxe5 Nd7 34. b7 Ke6 35. b8=Q Nxb8 36. Bxb8 Kd5 37. Ra7 g5 38. Rxh7 Kd4 39. h4
gxh4 40. Rxh4+ Kd5 41. f4 Ke4 42. b4 Kd5 43. f5 Kc6 44. f6 Kd7 45. f7 Kc6 46.
f8=Q Kd5 47. Qc5+ Ke6 48. Rh6+ Kf7 49. Qc7+ Kf8 50. Rh7 1-0

[Event "Championnat de France des Jeunes - Pupil"]
[Site "Aix-les-Bains"]
[Date "2009.04.25"]
[Round "8.15"]
[White "Saliou, Sarah"]
[Black "Scabello, Julie"]
[Result "1-0"]
[WhiteElo "1260"]
[BlackElo "1520"]
[PlyCount "87"]
[EventDate "2009.??.??"]

1. e4 e5 2. Nc3 Nf6 3. f4 d6 4. Nf3 Nc6 5. Bb5 Bg4 6. O-O Be7 7. d3 O-O 8. Bxc6
bxc6 9. h3 Bxf3 10. Qxf3 Re8 11. f5 d5 12. Rd1 d4 13. Ne2 Qb8 14. Ng3 c5 15. b3
Qb4 16. Bd2 Qb5 17. Nh5 Nxh5 18. Qxh5 f6 19. Qg4 Bf8 20. Rf1 Qa6 21. a4 Qb7 22.
Rf3 c6 23. Rg3 Re7 24. Rf1 Rd8 25. Rff3 Rdd7 26. Qh5 Kh8 27. Rg4 a6 28. Rh4 h6
29. Rg3 Qc7 30. Qg4 Kg8 31. Bxh6 a5 32. Qg6 Qc8 33. Qh5 Qd8 34. Qg4 Qe8 35. Rh5
Qd8 36. Qh4 Qc7 37. Bxg7 Rxg7 38. Rh8+ Kf7 39. Qh5+ Ke7 40. Rh7 Rxh7 41. Qxh7+
Kd6 42. Qh8 Rd8 43. Qxf6+ Kd7 44. Qe6# 1-0